00972nam a2200253Ia 4500008004100000020001500041020001800056041001300074050002200087100002900109245010700138246005200245260005000297300002200347490003500369500005400404650004400458650003500502650002500537700001400562700001400576952011100590999001700701201221s9999||||xx |||||||||||||| ||und|| a7520301834 a9787520301831 achiheng aPA6673 b.C5 2018 aSeneca, Lucius Annaeus  0a哲学的治疗 : b塞涅卡伦理文选之二 /c塞涅卡( Lucius Annaeus Seneca)著 ; 吴欲波译 a哲學的治療 :b塞涅卡倫理文選之二/ a北京 : b中国社会科学出版社,c2018 a285 p.b;c24 cm. a两希文明哲学经典译丛 aTranslation of : Philosophical therapy of Seneca aConduct of life -- Early works to 1800. aEthics -- Early works to 1800. aPhilosophy, Ancient. a吴欲波 a塞涅卡 00104070aGETSbGETScGENd2020-12-21l0oPA6673 .C5 2018p00022770r2020-12-21 00:00:00w2020-12-21yCB c34996d34996